Monitoreo, control y adquisición de datos con Arduino y Visual Basic. NET
Uloženo v:
| Hlavní autor: | |
|---|---|
| Médium: | Kniha |
| Jazyk: | španělština |
| Vydáno: |
Ciudad de México
Alfaomega
2017
|
| Vydání: | 1a. ed |
| Témata: | |
| Tagy: |
Přidat tag
Žádné tagy, Buďte první, kdo vytvoří štítek k tomuto záznamu!
|
MARC
| LEADER | 00000cam a2200000 a 4500 | ||
|---|---|---|---|
| 001 | UCC1968 | ||
| 003 | CL-VaPUC | ||
| 008 | 171214e20170800mx |||||||||||||||||spa|d | ||
| 020 | |a 9786076227572 | ||
| 082 | 0 | 4 | |a 005.1 |b OLI |2 21 |
| 100 | |a Oliva Ramos, Rubén |e autor |9 596083 | ||
| 245 | 1 | 0 | |a Monitoreo, control y adquisición de datos con Arduino y Visual Basic. NET |
| 250 | |a 1a. ed | ||
| 300 | |a 357 p | ||
| 942 | |c BK | ||
| 945 | |d 20171214 17:05:00 |a arojas | ||
| 260 | |a Ciudad de México |b Alfaomega |c 2017 | ||
| 600 | 0 | 7 | |a VISUAL BASIC NET |2 CL-VaPUC |9 551260 |
| 650 | 0 | |a Programación |9 259316 | |
| 650 | 0 | |a Computadores |9 258188 | |
| 650 | 0 | |a Arduino |9 583997 | |
| 583 | |a last modification |c 20171214 17:05:00 |k Rodrigo Vera | ||
| 999 | |c 370292 |d 370290 | ||
| 952 | |0 0 |1 0 |3 erb |4 0 |6 005_100000000000000_OLI_2017 |7 0 |8 A |9 486681 |a BIBING |b BIBING |i 544165K |o 005.1 OLI 2017 |p 544165K |r 2024-01-25 |w 2019-11-24 |y BK |z Catalogado en:20171214 |k CCI | ||
| 952 | |0 0 |1 0 |3 erb |4 0 |6 005_100000000000000_OLI_2017 |7 0 |8 A |9 486682 |a BIBING |b BIBING |i 5441668 |o 005.1 OLI 2017 |p 5441668 |r 2024-01-25 |w 2019-11-24 |y BK |z Catalogado en:20171214 |k CCI | ||